000 00394nam a2200121Ia 4500
008 220901s9999||||xx |||||||||||||| ||und||
082 _a621.381 VAI
100 _aVaidya, Vijay, D
_914091
245 4 _aThe indian journal of technical education
250 _aVol. 41 Issue 2, 3 & 4
260 _bIndian Society for Technical Education
_c2018
650 _aElectronics and communication engineering
999 _c194148
_d194148